Egyesületi közlemények. Müller Ádám főtitkári jelentése

Elmentve itt :
Bibliográfiai részletek
Szerző: MÜLLER Ádám
Adatforrás:Meister
Forrásdokumentuma:Erdélyi Múzeum. -
1-2 sz., 1999, 171-175 p.
Nyelv:magyar
Kulcsszavak:intézménytörténet
kulturális intézmények
EME-közgyűlés
Erdélyi Múzeum-Egyesület (EME)
LEADER 00500nab a2200157 i 4500
001 bibPRO00008367
008 060524s1999 xx hun
040 |a Sz1 
041 |a hun 
100 1 |a MÜLLER Ádám 
245 1 0 |a Egyesületi közlemények. Müller Ádám főtitkári jelentése  |c MÜLLER Ádám 
695 |a intézménytörténet 
695 |a kulturális intézmények 
695 |a EME-közgyűlés 
695 |a Erdélyi Múzeum-Egyesület (EME) 
773 0 |t Erdélyi Múzeum. -  |g 1-2 sz., 1999, 171-175 p.